Verejno súkromné partnerstvo v dopravnej infraštruktúre

Dopravná infraštruktúra ako kľúčový faktor ovplyvňujúci rozvoj hospodárstva. Slovenská republika - jedna z krajín z najnižšou hustotou siete diaľnic v Európskej únii. Úsilie doterajších slovenských vlád dobudovať základnú sieť diaľnic - Koncepcia rozvoja diaľničnej infraštruktúry. Uznesenie vlády SR...

ver descrição completa

Na minha lista:
Detalhes bibliográficos
Autor principal: Holub, Dušan
Formato: Capítulo de Livro
Idioma:eslovaco
Assuntos:
Tags: Adicionar Tag
Sem tags, seja o primeiro a adicionar uma tag!

MARC

LEADER 00000nla$a2200000$$$4500
001 0092515
005 20240502083235.5
041 0 |a slo 
044 |a CZ 
245 1 0 |a Verejno súkromné partnerstvo v dopravnej infraštruktúre  |c Dušan Holub 
520 |a Dopravná infraštruktúra ako kľúčový faktor ovplyvňujúci rozvoj hospodárstva. Slovenská republika - jedna z krajín z najnižšou hustotou siete diaľnic v Európskej únii. Úsilie doterajších slovenských vlád dobudovať základnú sieť diaľnic - Koncepcia rozvoja diaľničnej infraštruktúry. Uznesenie vlády SR č. 523 z r. 2003 o financovaní 8 úsekov diaľnice D1 ako projekt verejno súkromného partnerstva (PPP) financovaný zo súkromných zdrojov. Dôvody pre uplatnenie verejno súkromného partnerstva. Legislatívne zmeny, ktoré si vyžiadala plánovaná realizácia PPP. 
610 2 0 |a partnerstvo verejno-súkromné 
610 2 0 |a sektor verejný 
610 2 0 |a sektor súkromný 
610 2 0 |a financovanie 
610 2 0 |a diaľnice 
610 2 0 |a infraštruktúra 
610 2 0 |a tender 
610 2 0 |a legislatíva 
610 2 0 |a Slovensko 
100 1 |a Holub, Dušan